Bangladesh's Neighbours in Indian Northeast: Exploring Opportunities and Mutual Interest/ (Record no. 17678)

MARC details
000 -LEADER
fixed length control field 01448nam a22002177a 4500
003 - CONTROL NUMBER IDENTIFIER
control field BDDh-ASL
005 - DATE AND TIME OF LATEST TRANSACTION
control field 20231015025624.0
008 - FIXED-LENGTH DATA ELEMENTS--GENERAL INFORMATION
fixed length control field 200113b2017 bg bd||| |||| 00| 0|eng|d
020 ## - INTERNATIONAL STANDARD BOOK NUMBER
International Standard Book Number 978-984-93191-0-8
040 ## - CATALOGING SOURCE
Transcribing agency BDDh-ASL
Modifying agency BDDh-ASL
082 ## - DEWEY DECIMAL CLASSIFICATION NUMBER
Classification number 327.5092
Item number BAN
245 0# - TITLE STATEMENT
Title Bangladesh's Neighbours in Indian Northeast: Exploring Opportunities and Mutual Interest/
Statement of responsibility, etc. Akmal Hussain
260 ## - PUBLICATION, DISTRIBUTION, ETC.
Place of publication, distribution, etc. Dhaka:
Name of publisher, distributor, etc. Asiatic Society of Bangladesh,
Date of publication, distribution, etc. 2017.
300 ## - PHYSICAL DESCRIPTION
Extent xii, 212 p. :
Other physical details maps;
Dimensions 22 cm.
440 ## - SERIES STATEMENT/ADDED ENTRY--TITLE
9 (RLIN) 312
Title Asiatic Society of Bangladesh publication;
Number of part/section of a work , no. 127
504 ## - BIBLIOGRAPHY, ETC. NOTE
Bibliography, etc. note Bibliography
505 ## - FORMATTED CONTENTS NOTE
Formatted contents note 1. Engagement with Northeast India: A New Dimension in Bangladesh-India Relations/Akmal Hussain -- 2. External Influence, Domestic Politics, and Bangladesh Government's Northeast India Policy -- 3. Growth Zone with NEI and Beyond: Bangladesh Perspective -- 4. Age of Connectivity: Facing the Challenges of Relations between Bangladesh and India's North-eastern States --5. Tourism- A bridge of Friendship between Bangladesh and the Seven Sisters of India -- 6. Tripura: Bangladesh's gateway to India's Northeast -- 7. Ecological Integrity of the Brahmaputra Basin for Community Livelihoods in Bangladesh -- 7. Three Bengali Districts and the Making and Unmaking of Assam-Bengal Borders, 1874-1947
650 #0 - SUBJECT ADDED ENTRY--TOPICAL TERM
9 (RLIN) 556
Topical term or geographic name entry element Bangladesh
General subdivision History
-- Politics
-- Economy
Geographic subdivision India
-- Northeast India
700 ## - ADDED ENTRY--PERSONAL NAME
9 (RLIN) 558
Personal name Hussain, Akmal
942 ## - ADDED ENTRY ELEMENTS (KOHA)
Source of classification or shelving scheme Dewey Decimal Classification
Koha item type Books
Holdings
Withdrawn status Lost status Source of classification or shelving scheme Damaged status Not for loan Collection code Home library Current library Shelving location Date acquired Source of acquisition Serial Enumeration / chronology Total Checkouts Full call number Barcode Date last seen Copy number Cost, replacement price Price effective from Koha item type
    Dewey Decimal Classification     Non-fiction Asiatic Society Library Asiatic Society Library ASB Publications 01/13/2020 ASB Publications ASP-127   327.5092 BAN 100709 01/13/2020 C-1 300.00 01/13/2020 Books
    Dewey Decimal Classification     Non-fiction Asiatic Society Library Asiatic Society Library General Stacks 01/13/2020 ASB Publications ASP-127   327.5092 BAN 100710 01/13/2020 C-2   01/13/2020 Books
    Dewey Decimal Classification     Non-fiction Asiatic Society Library Asiatic Society Library General Stacks 01/13/2020 ASB Publications ASP-127   327.5092 BAN 100711 01/13/2020 C-3   01/13/2020 Books
    Dewey Decimal Classification     Non-fiction Asiatic Society Library Asiatic Society Library General Stacks 01/13/2020 ASB Publications ASP-127   327.5092 BAN 100712 01/13/2020 C-4   01/13/2020 Books
    Dewey Decimal Classification     Non-fiction Asiatic Society Library Asiatic Society Library ASB Publications 01/13/2020 ASB Publications ASP-127   327.5092 BAN 100713 01/13/2020 C-5   01/13/2020 Books

Powered by Koha